Factorizations in local subgroups of finite groups

Αποθηκεύτηκε σε:
Λεπτομέρειες βιβλιογραφικής εγγραφής
Κύριος συγγραφέας: Glauberman, G. 1941-
Μορφή: Βιβλίο
Γλώσσα:English
Δημοσίευση: Providence : Published for the Conference Board of the Mathematical Sciences by the American Mathematical Society, c1977
Σειρά:Regional conference series in mathematics ; ; 33
Θέματα:
Ετικέτες: Προσθήκη ετικέτας
Δεν υπάρχουν, Καταχωρήστε ετικέτα πρώτοι!

MARC

LEADER 00000cam a2200000 i 4500
001 1/47107
008 941103s1977 eng d
020 |a 0821816837 
035 |l 10042975 
035 |a 1993 
040 |a GR-MY-UA  |b gre  |e aacr 
041 0 |a eng 
082 0 |a 512.2 
100 1 |a Glauberman, G.  |d 1941- 
245 1 0 |a Factorizations in local subgroups of finite groups /  |c by G. Glauberman 
260 |a Providence :   |b Published for the Conference Board of the Mathematical Sciences by the American Mathematical Society,   |c c1977 
300 |a ix, 74 p.;  |c 26 cm 
490 1 |a Regional conference series in mathematics  |v ; 33 
500 |a "Based on lectures given at a conference in Duluth in 1976." 
500 |a Includes index 
504 |a Bibliography: p. 69-72 
650 0 0 |a Finite groups. 
650 0 0 |a Sylow subgroups. 
830 0 |a Regional conference series in mathematics ;  |v ; 33 
852 |a INST  |b SAMOS  |e 19941103  |h 512.2 GLA  |p 005300007480  |q 005300007480  |t BK  |y 0 
909 |a Σ  |b 033587